Novinky chcú najmä ženy a mladí

Nákupné správanie slovenských spotrebiteľov v roku 2014 - výsledky prieskumu.

Saved in:
Bibliographic Details
Main Author: Mišíková, Veronika
Format: Book Chapter
Language:Slovak
Subjects:
Tags: Add Tag
No Tags, Be the first to tag this record!

MARC

LEADER 00000naa a2200000 4500
001 0194920
005 20231011070026.0
041 0 |a slo 
044 |a SK 
245 1 0 |a Novinky chcú najmä ženy a mladí  |c Veronika Mišíková 
520 |a Nákupné správanie slovenských spotrebiteľov v roku 2014 - výsledky prieskumu. 
610 2 0 |a správanie spotrebiteľa 
610 2 0 |a nákup 
610 2 0 |a Slovensko 
100 1 |a Mišíková, Veronika